00487nam a2200145 a 450000100100000000500170001000800410002704000250006824500410009326000380013430000200017250400270019295201050021999900170032400003948920201002031657.0130703s1993 dr r 000 0 spa d aDO-SdBNPbspacBNPHU00aReligiosidad, cultura y educación. aSanto Domingo :bImpretur,c1993. a46 p. ;c22 cm. aBibliografía : p. 39 0010718PDaPDbPDcHDd2013-07-03iLF1l0o p39489-10r2020-06-25w2020-06-25yLFPDZNo se presta c38979d38979